<?xml version="1.0" encoding="UTF-8"?>
<collection xmlns="http://www.loc.gov/MARC21/slim">
 <record>
  <leader>02133nam a22002657a 4500</leader>
  <controlfield tag="001">NCT_79673</controlfield>
  <controlfield tag="008">200511b        xxu||||| |||| 00| 0 vie d</controlfield>
  <datafield tag="999" ind1=" " ind2=" ">
   <subfield code="c">3897</subfield>
   <subfield code="d">3897</subfield>
  </datafield>
  <datafield tag="020" ind1=" " ind2=" ">
   <subfield code="a">9786048890971</subfield>
   <subfield code="c">149000</subfield>
  </datafield>
  <datafield tag="082" ind1="0" ind2="4">
   <subfield code="2">23rd ed.</subfield>
   <subfield code="a">616.079</subfield>
   <subfield code="b">D261</subfield>
  </datafield>
  <datafield tag="100" ind1="1" ind2=" ">
   <subfield code="a">Davis, Daniel M.</subfield>
  </datafield>
  <datafield tag="245" ind1="1" ind2="0">
   <subfield code="a">Hệ miễn dịch =</subfield>
   <subfield code="b">The beautiful cure : Khám phá cơ chế tự phòng chữa bệnh của cơ thể người</subfield>
   <subfield code="c">Daniel M. Davis; Trương Duy Hiệu, Trần Tuấn Hiệp (Dịch)</subfield>
  </datafield>
  <datafield tag="260" ind1=" " ind2=" ">
   <subfield code="a">H.</subfield>
   <subfield code="b">Dân trí</subfield>
   <subfield code="c">2020</subfield>
  </datafield>
  <datafield tag="300" ind1=" " ind2=" ">
   <subfield code="a">300 tr.</subfield>
   <subfield code="c">24cm</subfield>
  </datafield>
  <datafield tag="520" ind1="3" ind2=" ">
   <subfield code="a">Cuốn sách được chia ra làm hai phần: Phần đầu tiên giải thích những khái niệm cơ bản về sức đề kháng, đồng thời kể về hành trình khám phá các tế bào cùng các cơ chế phức tạp trong hệ miễn dịch. Phần thứ hai bàn về những nghiên cứu hiện đại về việc những tác nhân khác nhau ảnh hưởng thế nào đến hệ miễn dịch của chúng ta.</subfield>
  </datafield>
  <datafield tag="653" ind1=" " ind2=" ">
   <subfield code="a">Y đa khoa</subfield>
  </datafield>
  <datafield tag="700" ind1="1" ind2=" ">
   <subfield code="a">Trương Duy Hiệu </subfield>
   <subfield code="e">Dịch</subfield>
  </datafield>
  <datafield tag="700" ind1="1" ind2=" ">
   <subfield code="a">Trần Tuấn Hiệp </subfield>
   <subfield code="e">Dịch</subfield>
  </datafield>
  <datafield tag="942" ind1=" " ind2=" ">
   <subfield code="2">ddc</subfield>
   <subfield code="c">BK</subfield>
  </datafield>
  <datafield tag="952" ind1=" " ind2=" ">
   <subfield code="0">0</subfield>
   <subfield code="1">0</subfield>
   <subfield code="2">ddc</subfield>
   <subfield code="4">0</subfield>
   <subfield code="6">616_079000000000000_D261</subfield>
   <subfield code="7">0</subfield>
   <subfield code="9">19539</subfield>
   <subfield code="a">000001</subfield>
   <subfield code="b">000001</subfield>
   <subfield code="d">2020-05-12</subfield>
   <subfield code="l">1</subfield>
   <subfield code="o">616.079 D261</subfield>
   <subfield code="p">MD.17152</subfield>
   <subfield code="r">2020-08-21</subfield>
   <subfield code="s">2020-08-14</subfield>
   <subfield code="v">149000.00</subfield>
   <subfield code="w">2020-05-12</subfield>
   <subfield code="y">BK</subfield>
  </datafield>
  <datafield tag="952" ind1=" " ind2=" ">
   <subfield code="0">0</subfield>
   <subfield code="1">0</subfield>
   <subfield code="2">ddc</subfield>
   <subfield code="4">0</subfield>
   <subfield code="6">616_079000000000000_D261</subfield>
   <subfield code="7">0</subfield>
   <subfield code="9">19540</subfield>
   <subfield code="a">000001</subfield>
   <subfield code="b">000001</subfield>
   <subfield code="d">2020-05-12</subfield>
   <subfield code="l">1</subfield>
   <subfield code="o">616.079 D261</subfield>
   <subfield code="p">MD.17153</subfield>
   <subfield code="r">2020-11-04</subfield>
   <subfield code="s">2020-10-22</subfield>
   <subfield code="v">149000.00</subfield>
   <subfield code="w">2020-05-12</subfield>
   <subfield code="y">BK</subfield>
  </datafield>
  <datafield tag="952" ind1=" " ind2=" ">
   <subfield code="0">0</subfield>
   <subfield code="1">0</subfield>
   <subfield code="2">ddc</subfield>
   <subfield code="4">0</subfield>
   <subfield code="6">616_079000000000000_D261</subfield>
   <subfield code="7">0</subfield>
   <subfield code="9">19541</subfield>
   <subfield code="a">000001</subfield>
   <subfield code="b">000001</subfield>
   <subfield code="d">2020-05-12</subfield>
   <subfield code="o">616.079 D261</subfield>
   <subfield code="p">MD.17154</subfield>
   <subfield code="r">2020-05-12</subfield>
   <subfield code="v">149000.00</subfield>
   <subfield code="w">2020-05-12</subfield>
   <subfield code="y">BK</subfield>
  </datafield>
  <datafield tag="952" ind1=" " ind2=" ">
   <subfield code="0">0</subfield>
   <subfield code="1">0</subfield>
   <subfield code="2">ddc</subfield>
   <subfield code="4">0</subfield>
   <subfield code="6">616_079000000000000_D261</subfield>
   <subfield code="7">0</subfield>
   <subfield code="9">19542</subfield>
   <subfield code="a">000001</subfield>
   <subfield code="b">000001</subfield>
   <subfield code="d">2020-05-12</subfield>
   <subfield code="l">1</subfield>
   <subfield code="o">616.079 D261</subfield>
   <subfield code="p">MD.17155</subfield>
   <subfield code="r">2021-01-14</subfield>
   <subfield code="s">2021-01-05</subfield>
   <subfield code="v">149000.00</subfield>
   <subfield code="w">2020-05-12</subfield>
   <subfield code="y">BK</subfield>
  </datafield>
  <datafield tag="952" ind1=" " ind2=" ">
   <subfield code="0">0</subfield>
   <subfield code="1">0</subfield>
   <subfield code="2">ddc</subfield>
   <subfield code="4">0</subfield>
   <subfield code="6">616_079000000000000_D261</subfield>
   <subfield code="7">0</subfield>
   <subfield code="9">19543</subfield>
   <subfield code="a">000001</subfield>
   <subfield code="b">000001</subfield>
   <subfield code="d">2020-05-12</subfield>
   <subfield code="o">616.079 D261</subfield>
   <subfield code="p">MD.17156</subfield>
   <subfield code="r">2020-05-12</subfield>
   <subfield code="v">149000.00</subfield>
   <subfield code="w">2020-05-12</subfield>
   <subfield code="y">BK</subfield>
  </datafield>
  <datafield tag="980" ind1=" " ind2=" ">
   <subfield code="a">Thư viện Trường Đại học Nam Cần Thơ</subfield>
  </datafield>
 </record>
</collection>
